000 00643nam a2200229Ia 4500
003 GCL
008 140319s9999 xx 000 0 eng d
020 _a1857151399
040 _aGCL /
_cGCL
082 0 4 _a843
_bC O
100 1 _aCAMUS, ALBERT
245 1 0 _aTHE OUTSIDER /
_cCAMUS, ALBERT
700 1 _aLAREDO, JOSEPH
700 1 _aDUNWOODIE, PETER
260 _aانجلترا :
_bEVERYMAN'S LIBRARY ،
_c1998
300 _a21 CM ؛
_cXXVIII, 116 P
490 _aTHE MILLENNIUM LIBRARY
_v139
650 0 4 _aFRENCH FICTION
650 0 4 _aFRENCH LITERATURE
650 0 4 _aFRENCH LITERATURE - TRANSLATIONS INTO ENGLISH
942 _2ddc
_cBK
999 _c4966
_d4966